县级行政区知识问答#14 桃江县 Taojiang Multiple-choice - Statistics

General Stats
  • This quiz has been taken 4 times
  • The average score is 6 of 10
Answer Stats
Question Answer % Correct
桃江县隶属于湖南省哪个地级市? 益阳市
100%
桃江县“天问台”传说与哪位古代诗人相关? 屈原
100%
桃江县“桃花江”因哪位名人的歌曲闻名全国? 黎锦晖
75%
桃江县境内的主要河流是哪一条? 资江
75%
桃江县“羞女山”的传说与哪位古代人物相关? 娥皇女英
75%
桃江县“修山面”的独特工艺在于? 三揉九擀手工制作
75%
桃江县“罗溪瀑布”的落差约为多少米? 103米
50%
桃江县“洪山竹海”的竹林覆盖率约为多少? 80%
25%
桃江县传统名产“桃江竹凉席”的主要原料是? 水竹
0%
桃江县“马迹塘故事”属于哪类非物质文化遗产? 民俗活动
0%
No matching quizzes found
Score Distribution
Percent of People with Each Score
Percentile by Number Answered
Your Score History
You have not taken this quiz